Car Model To Company - Statistics

General Stats
  • This quiz has been taken 32 times
  • The average score is 14 of 25
Answer Stats
Hint Answer % Correct
Civic Honda
93%
Corvette Chevrolet
90%
Mustang Ford
87%
Camaro Chevrolet
83%
Prius Toyota
83%
Charger Dodge
80%
Impala Chevrolet
77%
Challenger Dodge
77%
911 Porsche
77%
Firebird Pontiac
67%
Model T Ford
63%
Escalade Cadillac
57%
Pinto Ford
53%
Thunderbird Ford
47%
Grand Prix Pontiac
47%
Coupe DeVille Cadillac
43%
GTO Pontiac
43%
Corvair Chevrolet
40%
Riviera Buick
37%
El Dorado Cadillac
33%
Rambler AMC
23%
GNX Buick
20%
Avanti Studebaker
20%
4-4-2 Oldsmobile
17%
Nomad Chevrolet
7%
No matching quizzes found
Score Distribution
Percent of People with Each Score
Percentile by Number Answered
Your Score History
You have not taken this quiz